Patras ke mazameen (Record no. 333)
[ view plain ]
| 000 -LEADER | |
|---|---|
| fixed length control field | 00371nam a2200157Ia 4500 |
| 003 - CONTROL NUMBER IDENTIFIER | |
| control field | OSt |
| 005 - DATE AND TIME OF LATEST TRANSACTION | |
| control field | 20240404163313.0 |
| 008 - FIXED-LENGTH DATA ELEMENTS--GENERAL INFORMATION | |
| fixed length control field | 230125s9999 xx 000 0 und d |
| 020 ## - INTERNATIONAL STANDARD BOOK NUMBER | |
| International Standard Book Number | 818766746X |
| 082 ## - DEWEY DECIMAL CLASSIFICATION NUMBER | |
| Classification number | U86 |
| Item number | BUKP |
| 100 ## - MAIN ENTRY--PERSONAL NAME | |
| Personal name | Bukhari, Patras |
| 245 #0 - TITLE STATEMENT | |
| Title | Patras ke mazameen |
| 260 ## - PUBLICATION, DISTRIBUTION, ETC. | |
| Name of publisher, distributor, etc. | Educational Publishing House |
| Date of publication, distribution, etc. | 2012 |
| Place of publication, distribution, etc. | Delhi |
| 300 ## - PHYSICAL DESCRIPTION | |
| Extent | 26p |
| 942 ## - ADDED ENTRY ELEMENTS (KOHA) | |
| Koha item type | Book |
| Source of classification or shelving scheme | Dewey Decimal Classification |
| Withdrawn status | Lost status | Source of classification or shelving scheme | Damaged status | Not for loan | Collection code | Home library | Current library | Shelving location | Date acquired | Cost, normal purchase price | Full call number | Barcode | Date last seen | Price effective from | Koha item type | Public note |
|---|---|---|---|---|---|---|---|---|---|---|---|---|---|---|---|---|
| Dewey Decimal Classification | Non-fiction | RIC Library | RIC Library | General Stacks | 01/25/2023 | 96.00 | 8U6 BUKP | 000326 | 01/25/2023 | 01/25/2023 | Book | R-14.1 |
